LIBRARY ONLINE CATALOGUE

Obadiah, Jonah, and Micah : (Record no. 21215)

MARC details
000 -LEADER
fixed length control field 01771cam a2200397 a 4500
001 - CONTROL NUMBER
control field 15886639
003 - CONTROL NUMBER IDENTIFIER
control field OSt
005 - DATE AND TIME OF LATEST TRANSACTION
control field 20260213130715.0
008 - FIXED-LENGTH DATA ELEMENTS--GENERAL INFORMATION
fixed length control field 090831r20091988iluab b 000 0 eng
010 ## - LIBRARY OF CONGRESS CONTROL NUMBER
LC control number 2009035758
020 ## - INTERNATIONAL STANDARD BOOK NUMBER
International Standard Book Number 9780830842261
Qualifying information pbk. : alk. paper
035 ## - SYSTEM CONTROL NUMBER
System control number 15886639
040 ## - CATALOGING SOURCE
Original cataloging agency DLC
Transcribing agency DLC
Modifying agency DLC
050 00 - LIBRARY OF CONGRESS CALL NUMBER
Classification number BS1595.53
Item number .B35 2009
082 00 - DEWEY DECIMAL CLASSIFICATION NUMBER
Classification number 224/.907
Edition number 22
100 1# - MAIN ENTRY--PERSONAL NAME
Personal name Baker, David W.
Fuller form of name (David Weston),
Dates associated with a name 1950-
245 10 - TITLE STATEMENT
Title Obadiah, Jonah, and Micah :
Remainder of title an introduction and commentary /
Statement of responsibility, etc. David W. Baker, T. Desmond Alexander, and Bruce K. Waltke.
260 ## - PUBLICATION, DISTRIBUTION, ETC. (IMPRINT)
Place of publication, distribution, etc. Nottingham, England :
Name of publisher, distributor, etc. Inter-Varsity Press ;
Place of publication, distribution, etc. Downers Grove, Ill. :
Name of publisher, distributor, etc. Intervarsity Press,
Date of publication, distribution, etc. 2009.
300 ## - PHYSICAL DESCRIPTION
Extent 226 p. :
Other physical details ill., maps ;
Dimensions 22 cm.
336 ## - CONTENT TYPE
Content type term text
Content type code txt
Source rdacontent
337 ## - MEDIA TYPE
Media type term unmediated
Media type code n
Source rdamedia
338 ## - CARRIER TYPE
Carrier type term volume
Carrier type code nc
Source rdacarrier
490 0# - SERIES STATEMENT
Series statement Tyndale Old Testament commentaries ;
Volume/sequential designation v. 26
500 ## - GENERAL NOTE
General note Originally published: Obadiah : an introduction and commentary / by David W. Baker. Jonah : an introduction and commentary / by T. Desmond Alexander. Mica : an introduction and commentary / by Bruce K. Waltke. c1988.
504 ## - BIBLIOGRAPHY, ETC. NOTE
Bibliography, etc Includes bibliographical references.
630 00 - SUBJECT ADDED ENTRY--UNIFORM TITLE
Uniform title Bible.
Name of part/section of a work Obadiah
General subdivision Commentaries.
630 00 - SUBJECT ADDED ENTRY--UNIFORM TITLE
Uniform title Bible.
Name of part/section of a work Jonah
General subdivision Commentaries.
630 00 - SUBJECT ADDED ENTRY--UNIFORM TITLE
Uniform title Bible.
Name of part/section of a work Micah
General subdivision Commentaries.
700 12 - ADDED ENTRY--PERSONAL NAME
Personal name Baker, David W.
Fuller form of name (David Weston),
Dates associated with a name 1950-
Title of a work Obadiah.
700 12 - ADDED ENTRY--PERSONAL NAME
Personal name Alexander, T. Desmond.
Title of a work Jonah.
700 12 - ADDED ENTRY--PERSONAL NAME
Personal name Waltke, Bruce K.
Title of a work Micah.
906 ## - LOCAL DATA ELEMENT F, LDF (RLIN)
a 7
b cbc
c orignew
d 1
e ecip
f 20
g y-gencatlg
942 ## - ADDED ENTRY ELEMENTS (KOHA)
Source of classification or shelving scheme Library of Congress Classification
Koha item type General Collection
Holdings
Withdrawn status Lost status Source of classification or shelving scheme Not for loan Home library Current library Shelving location Date acquired Source of acquisition Inventory number Total Checkouts Full call number Barcode Date last seen Copy number Price effective from Koha item type
    Library of Congress Classification   Kabarak, Main Campus Kabarak, Main Campus General Stacks 13/02/2026 Donation 2025/3510   BS1595.53 .B35 2009 C.1 38433 13/02/2026 C.1 13/02/2026 General Collection